| 000 | 00632nam a2200277Ia 4500 | ||
|---|---|---|---|
| 001 | Z_3271 | ||
| 003 | CHAP | ||
| 008 | 220113s1996 xx 000 0 und d | ||
| 010 | _a166379 | ||
| 040 | _cCHAP | ||
| 082 | _a631.16 B35 | ||
| 100 |
_aBallestero, Enrique _99723 |
||
| 245 |
_aContabilidad agraria / _cpor Enrique Ballestero |
||
| 260 |
_aMadrid : _bMundi-Prensa, _c1996 |
||
| 300 | _a254 p. ; ilus. | ||
| 440 | _a | ||
| 500 | _a | ||
| 503 | _a199927 | ||
| 650 |
_aAgricultura _x _xContabilidad _9140457 |
||
| 901 | _a631.16 B35 | ||
| 902 | _aA | ||
| 910 | _a1996 | ||
| 942 | _c1 | ||
| 942 | _cc1 | ||
| 999 |
_c166379 _d166379 |
||